000 00738nam a2200217Ia 4500
003 OSt
005 20251022142232.0
008 220923b |||||||| |||| 00| 0 eng d
020 _a9780719099663
037 _cGeneral Book
040 _aRTL
_cRTL
_beng
041 _2eng
_aeng
084 _aY:3(NW), Q6
_qRTL
100 _aO'Rawe, Des
_9295872
245 0 _aRegarding the real: cinema, documentary and the visual arts
_b
260 _aManchester
_bManchester University Press
_c2016
300 _aix, 195 p.
_ccm.
_bIncludes bibliographical references and index.
650 _aSociology
_9849228
942 _hY:3(NW), Q6
_cGB
_2CC
_n0
999 _c589102
_d589102